| 000 | 00462nam a22001695i 4500 | ||
|---|---|---|---|
| 999 |
_c12385 _d12385 |
||
| 003 | OSt | ||
| 005 | 20240116111428.0 | ||
| 008 | 221104s2023 mau 000 0 eng | ||
| 020 |
_a9783035626988 _q(paperback) |
||
| 082 |
_a720.922 _bMAR |
||
| 245 | 0 | 0 |
_aHolodeck architects works / _cMarlies Breuss, Michael Ogertschnig. |
| 263 | _a2302 | ||
| 300 | _apages cm | ||
| 700 | 1 |
_aBreuss, Marlies, _eeditor. |
|
| 700 | 1 |
_aOgertschnig, Michael, _eeditor. |
|
| 942 | _2ddc | ||